<?xml version="1.0" encoding="UTF-8"?>
<record
    xmlns:xsi="http://www.w3.org/2001/XMLSchema-instance"
    xsi:schemaLocation="http://www.loc.gov/MARC21/slim http://www.loc.gov/standards/marcxml/schema/MARC21slim.xsd"
    xmlns="http://www.loc.gov/MARC21/slim">

  <leader>03501nam a22006857a 4500</leader>
  <controlfield tag="003">OSt</controlfield>
  <controlfield tag="005">20180914085052.0</controlfield>
  <controlfield tag="008">180226b        xxu||||| |||| 00| 0 spa d</controlfield>
  <datafield tag="020" ind1=" " ind2=" ">
    <subfield code="a">9503305225</subfield>
  </datafield>
  <datafield tag="040" ind1=" " ind2=" ">
    <subfield code="c">PJ</subfield>
  </datafield>
  <datafield tag="245" ind1="1" ind2="0">
    <subfield code="a">Reforma pol&#xED;tica y voto electr&#xF3;nico /</subfield>
    <subfield code="b">coordinador/compilador Jos&#xE9; Mar&#xED;a P&#xE9;rez Corti ; B. Austin ... [et al.].</subfield>
  </datafield>
  <datafield tag="260" ind1=" " ind2=" ">
    <subfield code="a">C&#xF3;rdoba :</subfield>
    <subfield code="b">Ciencia, Derecho y Sociedad,</subfield>
    <subfield code="c">2005.</subfield>
  </datafield>
  <datafield tag="300" ind1=" " ind2=" ">
    <subfield code="a">250 p.</subfield>
    <subfield code="c">23 cm.</subfield>
  </datafield>
  <datafield tag="490" ind1=" " ind2=" ">
    <subfield code="a">Congresos, Jornadas y Seminarios</subfield>
  </datafield>
  <datafield tag="500" ind1=" " ind2=" ">
    <subfield code="a">Los contenidos de la presente obra reunen las ponencias realizadas en el seminario "Reforma pol&#xED;tica y voto electr&#xF3;nico" realizdomen C&#xF3;rdoba los d&#xED;as 11 y 12 de noviembre.</subfield>
  </datafield>
  <datafield tag="505" ind1=" " ind2=" ">
    <subfield code="t">Apertura del seminario y de la feria inform&#xE1;tica electoral /</subfield>
    <subfield code="r">Ram&#xF3;n Pedro Yanzi Ferreira.</subfield>
  </datafield>
  <datafield tag="505" ind1=" " ind2=" ">
    <subfield code="t">Reflexiones y dudas en materia de Tecnolog&#xED;a /</subfield>
    <subfield code="r">Alejandro Tullio.</subfield>
  </datafield>
  <datafield tag="505" ind1=" " ind2=" ">
    <subfield code="t">Poder judicial, elecciones y tecnolog&#xED;a /</subfield>
    <subfield code="r">Luis E. Rubio.</subfield>
  </datafield>
  <datafield tag="505" ind1=" " ind2=" ">
    <subfield code="t">Sistema pol&#xED;tico, administraci&#xF3;n electoral y voto electr&#xF3;nico en perspectiva comparada /</subfield>
    <subfield code="r">Marcelo Escobar.</subfield>
  </datafield>
  <datafield tag="505" ind1=" " ind2=" ">
    <subfield code="t">Reflexiones para la log&#xED;stica nacional de la urna electr&#xF3;nica /</subfield>
    <subfield code="r">Rolando Visconti. </subfield>
  </datafield>
  <datafield tag="505" ind1=" " ind2=" ">
    <subfield code="t">Proyecto de voto electr&#xF3;nico que se implemento en la provincia de Buenos Aires /</subfield>
    <subfield code="r">Ana M. Bourimborde.</subfield>
  </datafield>
  <datafield tag="505" ind1=" " ind2=" ">
    <subfield code="t">Ushuaia 2003: el voto electr&#xF3;nico. M&#xE1;s y Mejor democracia /</subfield>
    <subfield code="r">Horacio Maffei.</subfield>
  </datafield>
  <datafield tag="505" ind1=" " ind2=" ">
    <subfield code="t">Las experiencias con voto electr&#xF3;nico en Argentina /</subfield>
    <subfield code="r">Mar&#xED;a In&#xE9;s Tula.</subfield>
  </datafield>
  <datafield tag="505" ind1=" " ind2=" ">
    <subfield code="t">Elecciones: representaci&#xF3;n y voto electr&#xF3;nico /</subfield>
    <subfield code="r">A. Serveto </subfield>
    <subfield code="r">G, Glosa.</subfield>
  </datafield>
  <datafield tag="505" ind1=" " ind2=" ">
    <subfield code="t">La reforma pol&#xED;tica: Una mirada desde la cultura pol&#xED;tica /</subfield>
    <subfield code="r">Gonz&#xE1;lo F. Fern&#xE1;ndez.</subfield>
  </datafield>
  <datafield tag="505" ind1=" " ind2=" ">
    <subfield code="t">Participaci&#xF3;n pol&#xED;tica y voto electr&#xF3;nico /</subfield>
    <subfield code="r">Juan F. Br&#xFC;gge.</subfield>
  </datafield>
  <datafield tag="505" ind1=" " ind2=" ">
    <subfield code="t">Reforma pol&#xED;tica, proceso electoral y nuevas tecnolog&#xED;as /</subfield>
    <subfield code="r">Jos&#xE9; M&#xAA; Per&#xE9;z Corti.</subfield>
  </datafield>
  <datafield tag="505" ind1=" " ind2=" ">
    <subfield code="t">Modelo tecnol&#xF3;gico y prueba piloto 2005  ciudad de Buenos Aires /</subfield>
    <subfield code="r">Natalia Debandi. </subfield>
  </datafield>
  <datafield tag="505" ind1=" " ind2=" ">
    <subfield code="t">Informatizaci&#xF3;n electora: Caso Ariston /</subfield>
    <subfield code="r">Mauro I. D&#xE9;cima. </subfield>
  </datafield>
  <datafield tag="505" ind1=" " ind2=" ">
    <subfield code="t">El voto electr&#xF3;nico: &#xBF; Instrumento de modernizaci&#xF3;n o de reforma pol&#xED;tica? /</subfield>
    <subfield code="r">M&#xAA; Eugenia Taquela</subfield>
  </datafield>
  <datafield tag="505" ind1=" " ind2=" ">
    <subfield code="t">Modernizaci&#xF3;n de la Pol&#xED;tica y de la democracia: Avances y retrocesos /</subfield>
    <subfield code="r">Santiago L. Soleri. </subfield>
  </datafield>
  <datafield tag="505" ind1=" " ind2=" ">
    <subfield code="t">Reforma pol&#xED;tica y voto electr&#xF3;nico /</subfield>
    <subfield code="r">Enrique Jos&#xE9; Gastaldi. </subfield>
  </datafield>
  <datafield tag="505" ind1=" " ind2=" ">
    <subfield code="t">Palabras de cierre /</subfield>
    <subfield code="r">Gonzalo F. Fern&#xE1;ndez. </subfield>
    <subfield code="r">G. Barrera Buteler. </subfield>
  </datafield>
  <datafield tag="650" ind1=" " ind2="0">
    <subfield code="9">178</subfield>
    <subfield code="a">DERECHO CONSTITUCIONAL</subfield>
  </datafield>
  <datafield tag="650" ind1=" " ind2="0">
    <subfield code="9">904</subfield>
    <subfield code="a">DERECHO ELECTORAL</subfield>
  </datafield>
  <datafield tag="650" ind1=" " ind2="0">
    <subfield code="9">1283</subfield>
    <subfield code="a">SUFRAGIO</subfield>
  </datafield>
  <datafield tag="650" ind1=" " ind2="0">
    <subfield code="9">1285</subfield>
    <subfield code="a">ELECCIONES</subfield>
  </datafield>
  <datafield tag="650" ind1=" " ind2="0">
    <subfield code="9">1284</subfield>
    <subfield code="a">VOTO ELECTRONICO</subfield>
  </datafield>
  <datafield tag="700" ind1=" " ind2=" ">
    <subfield code="a">P&#xE9;rez Corti, Jos&#xE9; Mar&#xED;a</subfield>
    <subfield code="e">coordinador</subfield>
    <subfield code="e">compilador</subfield>
  </datafield>
  <datafield tag="700" ind1=" " ind2=" ">
    <subfield code="9">1286</subfield>
    <subfield code="a">L&#xF3;pez Amaya, F&#xE9;lix</subfield>
  </datafield>
  <datafield tag="700" ind1=" " ind2=" ">
    <subfield code="a">Tullio, Alejandro</subfield>
    <subfield code="9">1287</subfield>
  </datafield>
  <datafield tag="700" ind1=" " ind2=" ">
    <subfield code="a">Rubio, Luis E.</subfield>
    <subfield code="9">1288</subfield>
  </datafield>
  <datafield tag="700" ind1=" " ind2=" ">
    <subfield code="a">Escolar, Marcelo</subfield>
    <subfield code="9">1289</subfield>
  </datafield>
  <datafield tag="700" ind1=" " ind2=" ">
    <subfield code="a">Visconti, Rolando</subfield>
    <subfield code="9">1290</subfield>
  </datafield>
  <datafield tag="700" ind1=" " ind2=" ">
    <subfield code="a">Bourimborde, Ana M.</subfield>
    <subfield code="9">1292</subfield>
  </datafield>
  <datafield tag="700" ind1=" " ind2=" ">
    <subfield code="a">Tula, Mar&#xED;a In&#xE9;s</subfield>
    <subfield code="9">1293</subfield>
  </datafield>
  <datafield tag="700" ind1=" " ind2=" ">
    <subfield code="a">Servetto, A.</subfield>
    <subfield code="9">1294</subfield>
  </datafield>
  <datafield tag="700" ind1=" " ind2=" ">
    <subfield code="a">Closa, G.</subfield>
    <subfield code="9">1295</subfield>
  </datafield>
  <datafield tag="700" ind1=" " ind2=" ">
    <subfield code="a">Austin, Brenda</subfield>
    <subfield code="9">1296</subfield>
  </datafield>
  <datafield tag="700" ind1=" " ind2=" ">
    <subfield code="a">Fern&#xE1;ndez, Gonz&#xE1;lo F.</subfield>
    <subfield code="9">1299</subfield>
  </datafield>
  <datafield tag="700" ind1=" " ind2=" ">
    <subfield code="a">Br&#xFC;gge, Juan F.</subfield>
    <subfield code="9">1300</subfield>
  </datafield>
  <datafield tag="700" ind1=" " ind2=" ">
    <subfield code="a">Debandi, Natalia</subfield>
    <subfield code="9">1301</subfield>
  </datafield>
  <datafield tag="700" ind1=" " ind2=" ">
    <subfield code="a">D&#xE9;cima, Mauro I.</subfield>
    <subfield code="9">1302</subfield>
  </datafield>
  <datafield tag="700" ind1=" " ind2=" ">
    <subfield code="a">Taquela, Mar&#xED;a Eugenia</subfield>
    <subfield code="9">1303</subfield>
  </datafield>
  <datafield tag="700" ind1=" " ind2=" ">
    <subfield code="a">Soleri, Santiago L.</subfield>
    <subfield code="9">1304</subfield>
  </datafield>
  <datafield tag="700" ind1=" " ind2=" ">
    <subfield code="a">Gastaldi, Enrique Jos&#xE9;</subfield>
    <subfield code="9">1305</subfield>
  </datafield>
  <datafield tag="700" ind1=" " ind2=" ">
    <subfield code="a">Barrera Buteler, Guillermo  </subfield>
    <subfield code="9">743</subfield>
  </datafield>
  <datafield tag="700" ind1=" " ind2=" ">
    <subfield code="a">Yanzi Ferreira, Ram&#xF3;n Pedro</subfield>
    <subfield code="9">1306</subfield>
  </datafield>
  <datafield tag="942" ind1=" " ind2=" ">
    <subfield code="2">udc</subfield>
    <subfield code="c">LIB</subfield>
    <subfield code="h">342.84</subfield>
    <subfield code="i">REF</subfield>
  </datafield>
  <datafield tag="999" ind1=" " ind2=" ">
    <subfield code="c">926</subfield>
    <subfield code="d">926</subfield>
  </datafield>
  <datafield tag="952" ind1=" " ind2=" ">
    <subfield code="0">0</subfield>
    <subfield code="1">0</subfield>
    <subfield code="2">udc</subfield>
    <subfield code="4">0</subfield>
    <subfield code="7">0</subfield>
    <subfield code="a">DJS</subfield>
    <subfield code="b">DJS</subfield>
    <subfield code="d">2018-07-03</subfield>
    <subfield code="o">342.843.5 REF</subfield>
    <subfield code="p">5566</subfield>
    <subfield code="r">2018-07-03</subfield>
    <subfield code="w">2018-07-03</subfield>
    <subfield code="y">LIB</subfield>
  </datafield>
</record>
